000 00971nam a22002777a 4500
001 BR9705374
003 BR-BrBNA
005 20230928095759.0
007 ta
008 230509b bl.||||| |||| 00| 0 por d
040 _aBR-BrBNA
_bpor
_cBiblioteca Nacional de Agricultura
041 _a(Por)
072 _aF30; H20
_b1850
_b4110
090 _ 1850 BR9705374
100 1 _aGomes, A.M.A.
110 1 _aUniversidade Federal Rural de Pernambuco, Recife (Brasil)
_0Tese (Mestre em Fitossanidade>
245 1 _aIdentificacao de progenies de tomateiro (Lycopersicon esculentum Mill.)industrial resistentes a Ralstonia solanacearum (Smith)Yabuuchi et al., e progresso da murcha bacterina
260 3 _aRecife, PE (Brasil):
_c1997.
300 _a96 p.
500 _aBibliography p. 66-82; 26 tables; Summaries (Eng, Por)
650 _aTomate
650 _aMurcha Bacteriana
650 _aVariedade Resistente
909 _a202309
_bLucia
_c55
_dLucia Elande
942 _cBK
999 _c58624
_d58624